000
00276nam a2200109 4500
008
160702b xxu||||| |||| 00| 0 eng d
100
_9
1826
_a
Austen, J
245
_a
Pride and Prejudice
260
_a
New Delhi
_b
Vikas
_c
1985
300
_a
Pride and Prejudice
942
_2
ddc
_c
BK
999
_c
1529
_d
1529